00827 2200313 4500001002100000005001700021020002100038035002400059040001200083041000800095082001600103084001600119090002000135100002500155245005600180250001100236260002700247300003500274500001100309504003100320650001800351650001300369651005000382700001200432850001200444990002100456990001800477990001800495YOGYA00000000007895320170920132154.0 a978-979-1283-823 0010-081400000078670 aYOPDYOG0 aind 2[23]a149.3 a149.3 Suy M aDEP 149.3 Suy M0 aSUYONO, R.Pd, 1932-1 aMistisisme tenggerc/ R. P. Suyono; editor, Ramelan aCet. 1 aYogyakartabLKiSc2009 ax, 369 hlm.b: ilus.c; 21 cm. aIndeks aBibliografi : hlm. 361-362 4aOrang tengger 4aMistisme 4aIndonesiaxKehidupan sosial dan adat istiadat0 aRamelan aYOPDYOG aCB-D.11/2009-571 a56436-PD/A.17 a56435-PD/A.17